00385cam a2200133ua 4500041001000000082001900010100002500029245006800054260005100122300001200173504000500185700003300190700002800223 aengh a928.21bLAW/WO aLaw, Edmund Green .00aWorks of Edmund Spencer / cEdwin Green Law.hTextual Documents aBaltimore : bThe John Hopkins press , c1947. a238 ; . a1 aOsgood, Charles Grosvenor .1 aPadelford, Frederick .